|
|
|
|
| LEADER |
00000nab a2200000 i 4500 |
| 001 |
publ1506 |
| 005 |
20230317114236.0 |
| 008 |
191008s2018 hu o 000 zxx d |
| 022 |
|
|
|a 2064-759X
|
| 024 |
|
|
|a 10.31570/Prosp_2018_02_3
|2 doi
|
| 040 |
|
|
|a BGE Publikációtár Repozitórium
|b hun
|
| 100 |
1 |
|
|a Ilyés Csaba
|
| 245 |
1 |
0 |
|a Eltérések és hasonlóságok a pénzügyi instrumentumokban Magyarország és Dél-Korea pénzügyi számláiban
|c Ilyés Csaba
|h [elektronikus dokumentum]
|
| 260 |
|
|
|a Budapesti Gazdasági Főiskola
|c 2018
|
| 300 |
|
|
|a 37-53
|
| 490 |
0 |
|
|a Prosperitas
|v 5 No. 2
|
| 520 |
3 |
|
|a Tanulmányunkban Magyarország és Dél-Korea pénzügyiszámlák-statisztikáit elemezzük. Cikkünkben alapvetően arra keressük a választ, hogy milyen megállapításokat lehet tenni két ennyire különböző ország pénzügyi statisztikájának összehasonlítása alapján. Milyen a két ország nettó pénzügyi pozíciója? Magyarország közepesen fejlett, míg Dél-Korea fejlett ország – miben térnek el pénzügyi mutatóikban, a következtetések miben segíthetnek a közepes fejlettség csapdájának megértésében? Magyarország pénzügyiszámlák-statisztikája igen részletes és alapos módszertanra épül, így jó összehasonlítási alapot biztosít az elemzéseinkhez. Ugyanakkor Magyarország és Dél-Korea különböző gazdasági potenciállal rendelkeznek, a gazdasági fejlettség különböző szintjén állnak, ezért kiemelt jelentőségű a hasonlóságok és különbségek kimutatása a két ország pénzügyi instrumentumai között. Az elemzésekhez statisztikai eszközöket alkalmaztunk.
|
| 650 |
|
4 |
|a gazdálkodás- és szervezéstudományok
|
| 695 |
|
|
|a nemzeti számlák
|
| 695 |
|
|
|a pénzügyiszámlák-statisztika
|
| 700 |
1 |
|
|a Ilyésné Molnár Emese
|e aut
|
| 856 |
4 |
0 |
|u https://publikaciotar.uni-bge.hu/id/eprint/1506/1/Ilyes-Csaba-Ilyesne-Molnar-Emese.pdf
|z Dokumentum-elérés
|